meow in every* language - Statistics

General Stats
  • This quiz has been taken 41 times
  • The average score is 17 of 63
Answer Stats
Language meow % Correct
Vietnamese meo
88%
Thai meo
88%
Bengali meo
88%
English meow
77%
Georgian mia
77%
Spanish miau
58%
Portuguese miau
58%
German miau
58%
Finnish miau
58%
Polish miau
58%
Hungarian miau
58%
Romanian miau
58%
Lithuanian miau
58%
Somali miau
58%
Arabic miau
58%
Basque miau
58%
Irish miau
58%
Scottish Gaelic miau
58%
Italian miao
54%
Mandarin Chinese miao
54%
Icelandic mjá
23%
Swedish mjau
23%
Norwegian mjau
23%
Albanian mjau
23%
Serbian mjau
23%
Macedonian mjau
23%
French miaou
15%
Welsh miaow
15%
Dutch miauw
15%
Croatian mijau
15%
Hindi myaau
15%
Urdu myaau
15%
Gujarati myaau
15%
Marathi myaau
15%
Malayalam myaau
15%
Kazakh myau
15%
Russian myau
15%
Ukrainian myau
15%
Belarusian myau
15%
Bulgarian myau
15%
Armenian myau
15%
Latvian ņau
12%
Estonian näu
12%
Cantonese meu
8%
Hebrew miyau
8%
Japanese nyaa
8%
Afrikaans miaau
4%
Czech mňau
4%
Slovak mňau
4%
Indonesian meong
0%
Slovenian mijav
0%
Turkish miyav
0%
Azerbaijani miyav
0%
Persian miyav
0%
Kurdish miyav
0%
Uzbek miyov
0%
Danish mjav
0%
Telugu myaav
0%
Kannada myaav
0%
Punjabi myaun
0%
Filipino ngiyaw
0%
Greek niaou
0%
Korean yaong
0%
No matching quizzes found
Score Distribution
Percent of People with Each Score
Percentile by Number Answered
Your Score History
You have not taken this quiz